| 000 | 00881nas a2200301 4500 | ||
|---|---|---|---|
| 001 | BR0904650 | ||
| 003 | BR-BrBNA | ||
| 005 | 20231205113516.0 | ||
| 007 | ta | ||
| 008 | 230509b bl.|||p| |||| 00| 00por d | ||
| 040 |
_aBR-BrBNA _bpor _cBiblioteca Nacional de Agricultura |
||
| 041 | _a(Pt) | ||
| 072 | _aF01; F30; F61 | ||
| 100 | 1 | _aBorba, R. da S. | |
| 100 | 1 | _aLoeck, A.E. | |
| 100 | 1 | _aBranco, J.S.C. | |
| 100 | 1 | _aKopp, M.M. | |
| 100 | 1 | _aOliveira, A.C. de | |
| 245 | 1 | _aPolimorfismo do fungo simbionte de formigas cortadeiras submetido à luz ultravioleta | |
| 650 | _aGENÉTICA ANIMAL | ||
| 650 | _aSIMBIOSE | ||
| 650 | _aFUNGO | ||
| 650 | _aFORMIGA | ||
| 650 | _aPOLIMORFISMO | ||
| 773 | 0 |
_tCiência Rural (Brazil) _xISSN 0103-8478 _g(Sep-Oct 2007), v. 37(5) p. 1221-1226 _wBR0904650 |
|
| 909 |
_a202311 _bLúcia _c55 _dLúcia Elande |
||
| 942 |
_2AGRIS _n0 _cANA |
||
| 999 |
_c204166 _d204166 |
||